000 02676cam a2200289 4500500
005 20251228100135.0
041 _afre
042 _adc
100 1 0 _aAttal, Frédéric
_eauthor
245 0 0 _aCulture italienne, culture de masse, culture civique
260 _c2008.
500 _a13
520 _aRésuméLa culture italienne s’est considérablement diversifiée au cours de ces soixante dernières années. Longtemps prisonnière soit de modèles étrangers, soit d’une forme d’instrumentalisation politique, soit encore d’un système universitaire en construction, elle a conquis son autonomie en se lançant à la découverte des Italiens dans leur diversité régionale et sociale, et leurs comportements. Du roman au cinéma, en passant par les revues, la culture italienne a enrichi la connaissance de la société dont elle est l’émanation. La culture de masse a participé à cette quête de soi, tout en accélérant la modernisation et la nationalisation des Italiens sans rompre avec les racines de la culture populaire. Culture des élites et culture de masse qui se sont rapprochées voient leur lien commun avec la politique resté fort. Enfin, le réveil supposé de la société civile et le nouveau civisme italien fait l’objet de multiples débats et enquêtes.
520 _aItalian culture has greatly diversified itself over the last sixty years. For a long time it was a prisoner of foreign models, of a form of political instrumentalization, or of a university system in construction, but it gained its autonomy by discovering Italians in their regional and social diversity and in their behavior. From the novel to the cinema, and in magazines, Italian culture has enriched the knowledge of the society it comes from. Mass culture was part of this identity while speeding up the modernization and nationalization of the Italians without breaking off from the roots of popular culture. Elite and mass culture have come closer and see their common link with politics. Lastly, the supposed awakening of civil society and new Italian civism are the subject of many debates and studies.
690 _aculture civique
690 _aculture de masse
690 _aculture italienne
690 _aculture populaire
690 _asociété italienne
690 _acivic culture
690 _aItalian culture
690 _aItalian society
690 _amass culture
690 _apopular culture
786 0 _nVingtième Siècle. Revue d'histoire | 100 | 4 | 2008-10-20 | p. 147-153 | 0294-1759
856 4 1 _uhttps://shs.cairn.info/revue-vingtieme-siecle-revue-d-histoire-2008-4-page-147?lang=fr&redirect-ssocas=7080
999 _c1606156
_d1606156